Mundo minero (Registro nro. 20240)
[ vista simple ]
| 000 -CABECERA | |
|---|---|
| Campo de control | 00502nas a2200193 a 4500 |
| 005 - FECHA Y HORA DE LA ULTIMA TRANSACCION | |
| Campo de control | 20180620114403.0 |
| 008 - ELEMENTOS DE LONGITUD FIJA—INFORMACION GENERAL | |
| Campo de control | 180620s2011 ck uu|p|r|||| 00| 0 spa d |
| 022 ## - ISSN | |
| ISSN | 2248-4485 |
| 040 ## - FUENTE DE CATALOGACIÓN | |
| Agencia catalogadora original | CO-BoIAVH |
| Agencia transcriptora | CO-BoIAVH |
| 041 ## - IDIOMA | |
| Código de idioma para texto/pista de sonido o título separado | Español |
| 044 ## - PAÍS DE PUBLICACIÓN | |
| País de publicación | Colombia |
| 090 ## - CLASIFICACIÓN LOCAL | |
| Colección | SE |
| 245 00 - MENCION DE TITULO | |
| Título | Mundo minero |
| 260 ## - PUBLICACION, DISTRIBUCION, ETC. (PIE DE IMPRENTA) | |
| Lugar de publicación, distribución, etc. | Bogotá (Colombia) : |
| Nombre del editor, distribuidor, etc. | GBS Grupo Editorial, |
| Fecha de publicación, distribución, etc. | 2011-. |
| 300 ## - DESCRIPCION FISICA | |
| Otros detalles físicos | ilustraciones ; |
| Dimensiones | 28 cm. |
| 310 ## - FRECUENCIA ACTUAL DE LA PUBLICACIÓN | |
| Frecuencia actual de la publicación | Bimensual |
| 650 26 - ASIENTO SECUNDARIO DE MATERIA - TERMINO TEMATICO | |
| Término temático o nombre geográfico como elemento de entrada | Minería |
| Subdivisión de forma | Publicaciones periódicas |
| 9 (RLIN) | 91603 |
| 942 ## - ELEMENTOS ADICIONALES (KOHA) | |
| Sistema de clasificación | Local |
| Tipo de ítem | Periodica o revista |
| Withdrawn status | Lost status | Sistema de Clasificación | Damaged status | No para préstamo | Colección | Fecha publicación (Año) | Volumen revista | Número revista | Ubicación Permanente | Ubicación actual | Fecha de adquisición | Datos de publicación Seriada | Total Checkouts | Número topográfico | Inventario / Código de Barras | Date last seen | Ejemplar | Price effective from | Forma de adquisición | Tipo de material |
|---|---|---|---|---|---|---|---|---|---|---|---|---|---|---|---|---|---|---|---|---|
| Local | Hemeroteca | 2012 | 2 | 4 | Bogotá | Bogotá | 20/06/2018 | Año 2, Nro 4 (01/03/2012) | SE | 029885 | 20/06/2018 | Ej. 1 | 20/06/2018 | Donación | Periodica o revista | |||||
| Local | Hemeroteca | 2012 | 2 | 5 | Bogotá | Bogotá | 20/06/2018 | Año 2, Nro 5 (01/06/2012) | SE | 043141 | 20/06/2018 | Ej. 1 | 20/06/2018 | Donación | Periodica o revista | |||||
| Local | Hemeroteca | 2012 | 2 | 6 | Bogotá | Bogotá | 20/06/2018 | Año 2, Nro 6 (01/08/2012) | SE | 029884 | 20/06/2018 | Ej. 1 | 20/06/2018 | Donación | Periodica o revista | |||||
| Local | Hemeroteca | 2012 | 2 | 7 | Bogotá | Bogotá | 20/06/2018 | Año 2, Nro 7 (01/10/2012) | SE | 059682 | 20/06/2018 | Ej. 1 | 20/06/2018 | Donación | Periodica o revista | |||||
| Local | Hemeroteca | 2013 | 2 | 8 | Bogotá | Bogotá | 20/06/2018 | Año 2, Nro 8 (01/01/2013) | SE | 029883 | 20/06/2018 | Ej. 1 | 20/06/2018 | Donación | Periodica o revista | |||||
| Local | Hemeroteca | 2013 | 2 | 12 | Bogotá | Bogotá | 20/06/2018 | Año 2, Nro 12 (01/12/2013) | SE | 059683 | 20/06/2018 | Ej. 1 | 20/06/2018 | Donación | Periodica o revista | |||||
| Local | Hemeroteca | 2013 | 3 | 9 | Bogotá | Bogotá | 20/06/2018 | Año 3, Nro 9 (01/03/2013) | SE | 058019 | 20/06/2018 | Ej. 1 | 20/06/2018 | Donación | Periodica o revista | |||||
| Local | Hemeroteca | 2015 | 3 | 21 | Bogotá | Bogotá | 20/06/2018 | Año 3, Nro 21 (01/12/2015) | SE | 043142 | 20/06/2018 | Ej. 1 | 20/06/2018 | Donación | Periodica o revista |